000
00220nam a2200085Ia 4500
245
0
_a
Graphing water
100
_a
MEDINA, Sarah Chicago, Ill., [c.2009]
942
_c
BK
008
210817s9999 xx 000 0 und d
999
_c
369229
_d
369228